Comportamiento del consumidor

Saved in:
Bibliographic Details
Main Authors: Blackwell, Roger D (Author), Miniard, Paul W (Author), Engel, James F (Author)
Format: Book
Language:Spanish
Published: Ciudad de México Thomson 2002
Edition:9a. ed
Subjects:
Tags: Add Tag
No Tags, Be the first to tag this record!

MARC

LEADER 00000cam a2200000 a 4500
001 UCI2992
003 CL-VaPUC
008 071005e20020000MX |||||||||||||||||spa|d
020 |a 9706861874 
082 0 4 |a 658.802  |b BLA  |2 21 
100 0 |a Blackwell, Roger D  |e author  |9 524269 
700 0 |a Miniard, Paul W  |e author  |9 524270 
700 0 |a Engel, James F  |e author  |9 524271 
245 1 0 |a Comportamiento del consumidor 
250 |a 9a. ed 
300 |a 571 p 
942 |c BK 
945 |d 20071005 00:00:00  |a cmena 
260 |a Ciudad de México  |b Thomson  |c 2002 
650 0 |a Consumidores  |9 315658 
650 0 |a Planificación estratégica   |9 259735 
650 0 |a Investigación de mercado  |9 332310 
650 7 |a PLANIFICACION Y CONTROL  |2 CL-VaPUC  |9 524272 
650 0 |a Gestión de la producción   |9 259467 
583 |a last modification  |c 20170523 03:56:32  |k Rodrigo Vera 
999 |c 327392  |d 327390 
952 |0 0  |1 0  |4 0  |6 658_802000000000000_BLA_2002  |7 0  |8 A  |9 410180  |a BIBENE  |b BIBENE  |d 2019-11-22  |i 4337875  |o 658.802 BLA 2002  |p 4337875  |r 2025-01-15  |w 2019-11-22  |y BK  |k ICO